000 00632nam a2200205Ia 4500
003 GCL
008 140319s9999 xx 000 0 ara d
040 _aGCL /
_cGCL
082 0 4 _a189
_bص ر
100 1 _aناجى التكريتى
245 1 0 _aرسائل فلسفية /
_cناجى التكريتى
700 1 _aصالح الشماع
260 _a[S.N] :
_bدار الشئون الثقافية ،
_c1989
300 _a135 ص
490 _a
650 0 4 _aالفلسفة الاسلامية
650 0 4 _aالتصوف الاسلامى
650 0 4 _aالحركات الفكرية عند المسلمين
942 _2ddc
_cBK
999 _c36167
_d36167